[Event "Krakow op-C"]
[Site "Krakow"]
[Date "2006.01.04"]
[Round "9"]
[White "Tyrka, Marcin"]
[Black "Lobuzek, Tadeusz"]
[Result "1/2-1/2"]
[WhiteElo "1400"]
[BlackElo "1600"]
[PlyCount "36"]
[EventDate "2005.12.27"]
[EventType "swiss"]
[EventRounds "9"]
[EventCountry "POL"]
[SourceTitle "CBM 110 Extra"]
[Source "ChessBase"]
[SourceDate "2006.03.10"]
[SourceVersion "2"]
[SourceVersionDate "2006.03.10"]
[SourceQuality "1"]

1. e4 e6 2. Nc3 d5 3. exd5 exd5 4. d4 Nf6 5. Nf3 Be7 6. Be2 0-0 7. 0-0 Nbd7 8. Bf4 c6 9. Bd3 Re8 10. Re1 Nf8 11. h3 Bb4 12. Rxe8 Qxe8 13. a3 Bxc3 14. bxc3 Ne4 15. Qe2 Nf6 16. Qd2 Ng6 17. Re1 Qf8 18. Bxg6 hxg6 1/2-1/2

[Event "Krakow op-C"]
[Site "Krakow"]
[Date "2005.12.30"]
[Round "4"]
[White "Kacinski, Robert"]
[Black "Tyrka, Marcin"]
[Result "0-1"]
[WhiteElo "1600"]
[BlackElo "1400"]
[PlyCount "68"]
[EventDate "2005.12.27"]
[EventType "swiss"]
[EventRounds "9"]
[EventCountry "POL"]
[SourceTitle "CBM 110 Extra"]
[Source "ChessBase"]
[SourceDate "2006.03.10"]
[SourceVersion "2"]
[SourceVersionDate "2006.03.10"]
[SourceQuality "1"]

1. c4 e5 2. Nc3 Nc6 3. Nf3 Nf6 4. e3 d5 5. d4 exd4 6. Nxd4 Nxd4 7. Qxd4 Be6 8. c5 Nd7 9. b4 a5 10. Ba3 axb4 11. Bxb4 c6 12. a4 Qf6 13. a5 Qxd4 14. exd4 b6 15. Na4 bxa5 16. Bd2 Be7 17. Nb6 Ra7 18. Rxa5 Rxa5 19. Bxa5 0-0 20. Kd2 Rb8 21. Bd3 Bf6 22. Kc3 Nxc5 23. Bc2 Ne4+ 24. Bxe4 dxe4 25. Nc4 c5 26. Ne5 cxd4+ 27. Kxd4 Bxe5+ 28. Kxe4 Bf6 29. f4 Rb5 30. Bd2 Bd5+ 31. Ke3 Bxg2 32. Re1 Rb8 33. Kf2 Ba8 34. Ba5 Bh4+ 0-1